000 00341 a2200145 4500
999 _c3652
_d3652
020 _a0399531971
050 _aN 66 DEW 1934
100 _aDewey, John
245 _aArts as experience /
_cJohn Dewey
264 _aNew York
_bPerigee books
_c1934
300 _a370p.
500 _ainclude index
650 _aArt
942 _2lcc
_cBK
_h66
_iDEW
_kN